000 00781 a2200217 4500
003 UA-OsUOA
005 20260427141721.0
008 260427b un ||||| |||| 00| 0 ukr d
040 _aUA-OsUOA
_bukr
_cUA-OsUOA
_dUA-OsUOA
041 _aukr
080 _a050
090 _a050
_bЖ66
245 _aЖіночий світ
_nч.1
260 _bОрганізація Українок Канади ім. Ольги Басараб
_cсічень 1986
_aТоронто
300 _a36 с.
520 _aРік XXXVII січень 1986 ч. 1 (421)
650 _2UDC
_a 050 Серіальні видання. Періодика
_925065
942 _cMG
_2udc
955 _a4
999 _c580566
_d580566